Sports Quiz

Random Sports or Baseball Quiz
Score 0/60 Timer 06:00
1 Play Today
HRs Player % Correct
27Ken Griffey Jr.
98.6%
45Ken Griffey Jr.
98.6%
40Ken Griffey Jr.
98.6%
49Ken Griffey Jr.
98.6%
56Ken Griffey Jr.
98.6%
56Ken Griffey Jr.
98.6%
48Ken Griffey Jr.
98.6%
29Edgar Martinez
89.8%
26Edgar Martinez
89.8%
28Edgar Martinez
89.8%
29Edgar Martinez
89.8%
37Edgar Martinez
89.8%
31Tino Martinez
88.8%
27Jay Buhner
84.8%
25Jay Buhner
84.8%
27Jay Buhner
84.8%
40Jay Buhner
84.8%
44Jay Buhner
84.8%
40Jay Buhner
84.8%
26Jay Buhner
84.8%
37Nelson Cruz
84.2%
42Alex Rodriguez
83.8%
36Alex Rodriguez
83.8%
42Alex Rodriguez
83.8%
41Alex Rodriguez
83.8%
44Nelson Cruz
81.7%
43Nelson Cruz
81.7%
39Nelson Cruz
81.7%
39Robinson Cano
80.2%
37Bret Boone
65.2%
HRs Player % Correct
35Bret Boone
65.2%
25Kyle Seager
61.1%
26Kyle Seager
61.1%
30Kyle Seager
61.1%
27Kyle Seager
61.1%
39Richie Sexson
52.9%
34Richie Sexson
52.9%
27Alvin Davis
51.2%
29Alvin Davis
51.2%
25Adrian Beltre
46.3%
26Adrian Beltre
46.3%
25Adrian Beltre
46.3%
25Mike Cameron
45%
25Mike Cameron
45%
26Mitch Haniger
35.9%
33Raul Ibanez
35%
29Raul Ibanez
35%
30Daniel Vogelbach
33%
25Mike Zunino
29.9%
32Gorman Thomas
23.1%
27Ken Phelps
21.4%
28Jim Presley
20.3%
27Jim Presley
20.3%
31Paul Sorrento
19.9%
31Russell Branyan
19.3%
26Phil Bradley
18.2%
25Jose Lopez
17.4%
25Danny Tartabull
13.8%
29Willie Horton
10%
27Leroy Stanton
6.5%
Remove Ads.
Support Sporcle.
Get the best of Sporcle when you Go Orange. This ad-free experience offers more features, more stats, and more fun while also helping to support Sporcle. Thank you for becoming a member.

You're not logged in!

Compare scores with friends on all Sporcle quizzes.
OR
Log In

Show Comments

Extras

Top Quizzes Today


Score Distribution

Your Account Isn't Verified!

In order to create a playlist on Sporcle, you need to verify the email address you used during registration. Go to your Sporcle Settings to finish the process.

Report this User

Report this user for behavior that violates our Community Guidelines.

Details: